000 00514nam a2200193Ia 4500
003 GCL
008 140319s9999 xx 000 0 ara d
040 _aGCL /
_cGCL
082 0 4 _a252.5
_bم ح
245 1 0 _aالحج عبادة العمر
260 _a[S.N] :
_bمركز الاهرام للترجمة والنشر ،
_c1987
300 _a158 ص
490 _a
650 0 4 _aالحج
650 0 4 _aالاحرام
650 0 4 _aطواف الوداع
650 0 4 _aالوقوف بعرفة
942 _2ddc
_cBK
999 _c54057
_d54057